LDR 01037naa#a2200181#i#450# 001 RU\\bibl\19496 005 20260516054740.6 100 ## _a20260515b2026####ek#y0rusy0150####ca 102 ## _aRU 200 1# _aЭФФЕКТИВНОСТЬ КЛОНАЛЬНОГО МИКРОРАЗМНОЖЕНИЯ ОТОБРАННЫХ ГЕНОТИПОВ ТОПОЛЕЙ С ИСПОЛЬЗОВАНИЕМ СТАНДАРТНЫХ И МОДИФИЦИРОВАННЫХ ПРОТОКОЛОВ _eСтатья/тезисы конференции 210 1# _aВоронеж _cВоронежский государственный лесотехнический университет имени Г.Ф. Морозова _d2026 215 ## _a9 с. 608 ## _aСтатья/тезисы конференции _2local 675 ## _aУсловия существования растений. 630.181 _z 700 #1 _aТрапезникова _gЕ. И. 700 #1 _aПопова _gАнна Александровна 700 #1 _aЕвлаков _gПетр Михаилович 856 4# _abibl.vgltu.ru _u